Catalunya en temps de la revolució francesa. (Record no. 109198)
[ view plain ]
| 000 -LEADER | |
|---|---|
| campo de control de longitud fija | 01079nam a2200277 i 4500 |
| 001 - NÚMERO DE CONTROL | |
| campo de control | 109198 |
| 003 - IDENTIFICADOR DE NÚMERO DE CONTROL | |
| campo de control | ES-MaACL |
| 005 - FECHA Y HORA DE LA ÚLTIMA TRANSACCIÓN | |
| campo de control | 20251118143832.0 |
| 007 - CAMPO FIJO DE DESCRIPCIÓN FÍSICA--INFORMACIÓN GENERAL | |
| campo de control de longitud fija | t| |
| 008 - DATOS DE LONGITUD FIJA--INFORMACIÓN GENERAL | |
| campo de control de longitud fija | 061121s1917 sp r ||||1| cat d |
| 100 1# - ENTRADA PRINCIPAL--NOMBRE DE PERSONA | |
| Nombre de persona | Oliver, Miquel dels Sants, |
| Fechas asociadas al nombre | 1864-1920 |
| 9 (RLIN) | 86825 |
| 245 10 - MENCIÓN DEL TÍTULO | |
| Título | Catalunya en temps de la revolució francesa. |
| Número de parte o sección de la obra | Primera serie / |
| Mención de responsabilidad, etc. | Miguel S. Oliver. |
| 260 ## - PUBLICACIÓN, DISTRIBUCIÓN, ETC. | |
| Lugar de publicación, distribución, etc. | Barcelona : |
| Nombre del editor, distribuidor, etc. | Societat Catalana d' Edicions, |
| Fecha de publicación, distribución, etc. | [1917] |
| 300 ## - DESCRIPCIÓN FÍSICA | |
| Extensión | 221 p. ; |
| Dimensiones | 23 cm. |
| 490 1# - MENCIÓN DE SERIE | |
| Mención de serie | Societat Catalana d'Edicions ; |
| Designación de volumen o secuencia | 33 |
| 530 ## - NOTA DISPONIBLE DE FORMULARIO FÍSICO ADICIONAL | |
| Nota de formato físico adicional disponible | Disponible en formato digital. |
| 651 #4 - PUNTO DE ACCESO ADICIONAL DE MATERIA--NOMBRE GEOGRÁFICO | |
| Nombre geográfico | Cataluña- |
| Subdivisión general | Historia- |
| Subdivisión cronológica | S.XVIII. |
| 9 (RLIN) | 8022 |
| 651 #4 - PUNTO DE ACCESO ADICIONAL DE MATERIA--NOMBRE GEOGRÁFICO | |
| Nombre geográfico | Cataluña- |
| Subdivisión general | Historia- |
| Subdivisión cronológica | S.XIX. |
| 9 (RLIN) | 8019 |
| 651 #4 - PUNTO DE ACCESO ADICIONAL DE MATERIA--NOMBRE GEOGRÁFICO | |
| Nombre geográfico | España- |
| Subdivisión general | Historia- |
| Subdivisión cronológica | 1788-1808, Carlos IV. |
| 9 (RLIN) | 8242 |
| 651 #4 - PUNTO DE ACCESO ADICIONAL DE MATERIA--NOMBRE GEOGRÁFICO | |
| Nombre geográfico | Francia- |
| Subdivisión general | Historia- |
| Subdivisión cronológica | 1789-1799, Revolución- |
| Subdivisión general | Influencia- |
| Subdivisión geográfica | España |
| 9 (RLIN) | 8691 |
| 830 0# - PUNTO DE ACCESO ADICIONAL DE SERIE-TÍTULO UNIFORME | |
| Título uniforme | Societat Catalana d'Edicions ; |
| Designación de volumen o secuencia | 33 |
| 9 (RLIN) | 232968 |
| 852 ## - LOCALIZACIÓN | |
| Ubicación | ES-MaACL |
| Número de control de estantería | B-13224 |
| Ubicación en estantería | Sala Pardo Bazán |
| 856 4# - LOCALIZACIÓN Y ACCESO ELECTRÓNICOS | |
| Identificador Uniforme de Recursos | <a href="http://bdh-rd.bne.es/viewer.vm?id=0000105684&page=1 ">http://bdh-rd.bne.es/viewer.vm?id=0000105684&page=1 </a> |
| Texto de enlace | (Biblioteca Digital Hispánica) |
| 942 ## - ELEMENTOS DE ENTRADA SECUNDARIOS (KOHA) | |
| Fuente del sistema de clasificación o colocación | Clasificación decimal universal |
| Estatus retirado | Estado de pérdida | Estado de daño | No para préstamo | Colección | Biblioteca de origen | Biblioteca actual | Ubicación en estantería | Fecha de adquisición | Fuente de adquisición | Total de préstamos | Signatura topográfica completa | Código de barras | Visto por última vez | Precio de reemplazo | Tipo de ítem Koha |
|---|---|---|---|---|---|---|---|---|---|---|---|---|---|---|---|
| Colección digital | Biblioteca del Ateneo de Madrid | Biblioteca del Ateneo de Madrid | Sala Pardo Bazán | 17/01/2008 | B-13224 | 1113941 | 23/02/2023 | 23/02/2023 | Libro impreso |
